00465nam a2200169Ia 4500003000900000005001700009008004100026040001600067080001500083100001900098245007200117250001700189260004400206300001500250650001800265650001200283IN-BaIIA20250707112629.0211028s9999 xx 000 0 eng d cIIA Library a533.1bSPI aLyman, Spitzer 0aPhysics of Fully Ionized GasescLyman Spitzer and Raymond J. Seeger a2nd rev. ed. aNew YorkbInterscience Publishersc1967 axii, 170p. aIonized Gases aPhysics